|
|
|
|
| LEADER |
00000nab#a22000007a#4500 |
| 001 |
arbauad026799 |
| 003 |
AR-BaUAD |
| 005 |
20250711112215.0 |
| 008 |
970514|||||||||###||||||b###|0###a|spa|| |
| 040 |
|
|
|a AR-BaUAD
|c AR-BaUAD
|b spa
|
| 100 |
|
|
|a Lefranc, Céline
|
| 245 |
|
|
|a Dix "trucs" pour reconnaître les sièges du 18e. /
|c Céline Lefranc;
|
| 300 |
0 |
|
|b il.
|
| 653 |
|
|
|a SIGLO XVIII
|
| 653 |
|
|
|a MOBILIARIO
|
| 653 |
|
|
|a SILLAS
|
| 653 |
|
|
|a MATERIALES
|
| 653 |
|
|
|a ESTILOS DECORATIVOS
|
| 653 |
|
|
|a ORNAMENTACION
|
| 653 |
|
|
|a ASIENTOS
|
| 653 |
|
|
|a MADERA
|
| 653 |
|
|
|a EBANISTERIA
|
| 653 |
|
|
|a FALSIFICACION
|
| 773 |
0 |
|
|t CONNAISSANCE DES ARTS
|g Nº538 [abr. 1997], p. 42-47
|
| 942 |
|
|
|c ARTI
|
| 952 |
|
|
|0 0
|1 0
|4 0
|7 0
|9 71718
|a AR-BAuAD
|b AR-BAuAD
|d 2025-07-11
|l 0
|p AAQA026799
|r 2025-07-11 11:22:15
|w 2025-07-11
|y ARTI
|
| 990 |
|
|
|a A199
|b TD
|
| 998 |
|
|
|a AAQ
|b BIBUN76
|
| 999 |
|
|
|c 51391
|d 51391
|